Star Wars Characters By Picture - Statistics

General Stats
  • This quiz has been taken 91 times
  • The average score is 13 of 16
Answer Stats
Picture Answer % Correct
Darth Vader
100%
Luke Skywalker
99%
Han Solo
98%
Obi-Wan Kenobi
98%
R2-D2
98%
Emperor Palpatine
95%
Master Yoda
94%
Chewbacca
91%
Boba Fett
89%
Kylo Ren
88%
BB-8
77%
Stormtrooper
77%
Rey Skywalker
64%
Leia Organa
62%
Cassian Andor
48%
Orson Krennic
28%
No matching quizzes found
Score Distribution
Percent of People with Each Score
Percentile by Number Answered
Your Score History
You have not taken this quiz